000 00570cab a2200193 4500
001 X1726
008 090401t1994 xxu||||| |||| 00| 0 eng d
035 _a(Sirsi) u18914
041 _aeng
245 _aRICS environmental awards anticipate fourth record entry
260 _c1994
350 _a0
490 _aCSM (Chartered Surveyor Monthly)
_v3(11) September 1994, 7(1)
650 _aABOUT RICS-RICS AWARDS
690 _aENVIRONMENTAL AND LAND CONSULTANCY
690 _aMANAGEMENT-BUSINESS MANAGEMENT-PROFESSIONAL PRACTICE
942 _n0
948 _c04/03/1997
999 _c12581
_d12581